Genshin Impact Trivia - Mondstadt Archon Quest - Statistics

General Stats
  • This quiz has been taken 53 times
  • The average score is 9 of 13
Answer Stats
Hint Answer % Correct
Name any free 4-star character that you receive during the Archon Quest. Amber/Lisa/Kaeya
100%
Who was the first playable character that you see? (Not counting the Traveler) Venti
96%
Name any playable character from Mondstadt that didn't appear in the Archon Quest. (Only counting characters who made an appearance in Version 1.0) Bennett/Diona/Fischl/Klee/Mona/Noelle/Razor/Sucrose
92%
Who was the first character that you meet? Paimon
92%
What is the first element The Traveler resonates with? Anemo
90%
What faction does the above answer belong to? The Fatui
82%
Who appeared after you leave Kaeya in the Domain where you weaken Stormterror? Diluc
73%
At the end of the Mondstadt Archon Quest, what title does the Traveler receive? Honorary Knight of the Knights of Favonius
73%
How is Kaeya related to the above answer? Adoptive Brother
63%
What playable character in Version 6 is mentioned by name in the Archon Quest? Varka
61%
What area in Mondstadt can't be explored until a certain point in the Archon Quest? Stormterror's Lair
55%
What is Stormterror's real name? Dvalin
37%
What enemy stole the Holy Lyre Der Himmel? Electro Cicin Mage
16%
No matching quizzes found
Score Distribution
Percent of People with Each Score
Percentile by Number Answered
Your Score History
You have not taken this quiz